000 00400nam a2200157 i 4500
001 94412
003 ES-MaACL
005 20230906181454.0
007 t|
008 050429s1905 ck ||||1| spa d
100 1 _aLorenzana, Máximo.
_974133
245 1 0 _aDiego Velasco /
_cMáximo Lorenzana.
260 _aBogotá :
_b"La Luz",
_c1905.
300 _a260 p. ;
_c17 cm.
852 _aES-MaACL
_jF-5354
999 _c94412
_d94412